Demostración de la preferencia que merece el trazado del ferro-carril [sic] de Tarragona á Barcelona por la costa / [Magin de Grau y Figueras]
Descripción Física:
15 p. ; 26 cm
MARC
| LEADER | 00000nam a2200000Ia 4500 | ||
|---|---|---|---|
| 001 | 16412 | ||
| 008 | 160829s1860 xx 000 0 cat d | ||
| 080 | |a RF-16-40 | ||
| 100 | |a Grau y Figueras, Magín de |9 47225 | ||
| 245 | |a Demostración de la preferencia que merece el trazado del ferro-carril [sic] de Tarragona á Barcelona por la costa / [Magin de Grau y Figueras] | ||
| 260 | |a Barcelona : |b Establecimiento tip. Narciso Ramirez, |c 1860 | ||
| 300 | |a 15 p. ; |c 26 cm | ||
| 590 | |a Prové de 931, exp. 10 | ||
| 650 | |a Ferrocarrils |x Catalunya |x Vies |x S. XIX |9 43550 | ||
| 856 | 4 | |u https://media.diba.cat/diba/fitxers/arxiu/fulletons/bib_16412_1860_baixa.pdf |y Accés lliure | |
| 856 | 4 | |u https://media.diba.cat/diba/fitxers/arxiu/fulletons/bib_16412_1860_baixa.pdf |y Accés lliure | |
| 901 | |a Arxiu | ||
| 942 | |n 1 |2 udc | ||
| 952 | |0 0 |1 0 |4 0 |6 RF1640 |7 1 |9 53758 |a Arxiu |b Arxiu |d 2016-12-01 |l 0 |o RF-16-40 |p 16412 |r 2016-12-01 00:00:00 |w 2016-12-01 |y ARXIU | ||
| 999 | |c 57624 |d 57624 | ||
| 900 | |a bib_16412_1860_baixa.pdf | ||